000 00586nam a2200193Ia 4500
005 20250326143514.0
008 250326s9999 xx 000 0 und d
020 _a81-902867-0-6
037 _aTextbook
040 _aFMSL
_beng
_cFMSL
041 _aeng
_2eng
084 _aX:51 P5;1
_qFMSL
100 _aMittal J K Ed.
_9683739
245 0 _aWorld trade organization and India : Ceritical study of its first decade
_cMittal J K Ed.; Raju K D
260 _aDelhi
_bDelhi, New Era Law
_c2005
300 _axvi,366
942 _cTB
_hX:51 P5;1
999 _c1299856
_d1299856